Ruolo di anzianita del personale insegnante nelle accademie di belle arti, nei licei artistici e nella scuola di disegno per operai in Reggio Emilia, al 1 Ottobre 1944 : Ministero dell'educazione Nazionale. Direzione generale delle arti)

Salvato in:
Dettagli Bibliografici
Natura: Libro
Lingua:italiano
Pubblicazione: Venezia Scuola Tip. Emiliana Artigianelli 1944
Catalogo:EDISCO:  Risultati della ricerca del catalogo della biblioteca
Libro di testo Classificazione:
Tags: Aggiungi Tag
Nessun Tag, puoi essere il primo ad aggiungerne!!
Aggiunto a:2016-04-30
Cambiato in:2017-10-04

MARC

LEADER 00000aam a22000007 4500
001 20950
003 OSt
005 20171004090521.0
008 160501s1944 it 000 0 ita
040 |c Paola Zonca - Torino - SBN 
041 1 |a ita 
245 0 0 |a Ruolo di anzianita del personale insegnante nelle accademie di belle arti, nei licei artistici e nella scuola di disegno per operai in Reggio Emilia, al 1 Ottobre 1944 : Ministero dell'educazione Nazionale. Direzione generale delle arti) 
260 |a Venezia  |b Scuola Tip. Emiliana Artigianelli  |c 1944 
300 |a 8. p. 45., ;  
901 |a 7 
942 |2 ddc  |c BK 
546 |a ita 
999 |c 20939  |d 20939 
999 |c edisco:20939  |d 20939